[Event "IND-chB 45th"]
[Site "Dindigul"]
[Date "2007.06.12"]
[Round "3"]
[White "Vivek Kumar, Shukla"]
[Black "Sundararajan, Kidambi"]
[Result "0-1"]
[WhiteElo "2238"]
[BlackElo "2458"]
[PlyCount "68"]
[EventDate "2007.06.11"]
[EventType "swiss"]
[EventRounds "12"]
[EventCountry "IND"]
[SourceTitle "CBM 119 Extra"]
[Source "ChessBase"]
[SourceDate "2007.09.04"]
[SourceVersion "1"]
[SourceVersionDate "2007.09.04"]
[SourceQuality "1"]

1. e4 c6 2. d4 d5 3. exd5 cxd5 4. c4 Nf6 5. Nc3 e6 6. Nf3 Bb4 7. cxd5 Nxd5 8. Bd2 Nc6 9. Bc4 Nb6 10. Bb5 0-0 11. 0-0 Nxd4 12. Nxd4 Qxd4 13. Qe2 e5 14. Be3 Qg4 15. Bxb6 Qxe2 16. Bxe2 axb6 17. Nd5 Bc5 18. b4 Bd4 19. Rac1 Rxa2 20. Bc4 Rb2 21. Ne7+ Kh8 22. Nxc8 Rxc8 23. Bxf7 Bxf2+ 24. Kh1 Rxc1 25. Rxc1 g6 26. g3 e4 27. Bd5 Rxb4 28. Rc7 Bc5 29. Kg2 Rb2+ 30. Kh3 e3 31. Kg4 Rxh2 32. Rxb7 e2 33. Rb8+ Kg7 34. Re8 Bb4 0-1

[Event "Asia Cities-ch 13th"]
[Site "Aden"]
[Date "2002.02.08"]
[Round "2"]
[White "Vivek Kumar, Shukla"]
[Black "Othman, A Moussa"]
[Result "0-1"]
[WhiteElo "2287"]
[BlackElo "2366"]
[PlyCount "58"]
[EventDate "2002.02.07"]
[EventType "team-swiss"]
[EventRounds "9"]
[EventCountry "YEM"]
[SourceTitle "EXT 2020"]
[Source "ChessBase"]
[SourceDate "2019.10.17"]
[SourceVersion "1"]
[SourceVersionDate "2019.10.17"]
[SourceQuality "1"]
[WhiteTeam "Lucknow"]
[BlackTeam "Dubai"]
[WhiteTeamCountry "IND"]
[BlackTeamCountry "UAE"]

1. e4 d6 2. d4 Nf6 3. Nc3 g6 4. Bc4 Bg7 5. Qe2 e5 6. dxe5 dxe5 7. f4 0-0 8. fxe5 Nfd7 9. Nf3 Nxe5 10. Nxe5 Bxe5 11. 0-0 Nc6 12. Bf4 Bxf4 13. Rxf4 Qd4+ 14. Kh1 Ne5 15. Bb3 c6 16. Rd1 Qc5 17. h3 Qe7 18. Qf2 Be6 19. Ne2 Bxb3 20. axb3 Rad8 21. Rxd8 Rxd8 22. Qxa7 Rd2 23. Ng3 Qg5 24. Rf2 Rd1+ 25. Nf1 Qh4 26. Qa8+ Kg7 27. Qa7 Qxe4 28. Qxb7 Qd4 29. Kg1 Rxf1+ 0-1